Találkozó a külügyminiszter és Tito marsall részvételével Bledben, vacsora után 1952. szeptember 22-én
Elmentve itt :
| További közreműködők: | |
|---|---|
| Dokumentumtípus: | Könyv része |
| Megjelent: |
2014
|
| Sorozat: | Documenta Historica
Dokumentumok a brit-jugoszláv kapcsolatok történetéhez (1949-1953) |
| Kulcsszavak: | Josip Broz Tito, Eden Anthony, Külpolitika - Nagy-Britannia - Jugoszlávia - 1949-1953, Diplomáciatörténet - Európa - 1949-1953 - forrás |
| Tárgyszavak: | |
| Online Access: | http://acta.bibl.u-szeged.hu/35068 |
| LEADER | 01008naa a2200241 i 4500 | ||
|---|---|---|---|
| 001 | acta35068 | ||
| 005 | 20211209141914.0 | ||
| 008 | 161017s2014 hu o 0|| hun d | ||
| 022 | |a 1216-0954 | ||
| 040 | |a SZTE Egyetemi Kiadványok Repozitórium |b hun | ||
| 041 | |a hun | ||
| 245 | 0 | 0 | |a Találkozó a külügyminiszter és Tito marsall részvételével Bledben, vacsora után 1952. szeptember 22-én |h [elektronikus dokumentum] |
| 260 | |c 2014 | ||
| 300 | |a 35-37 | ||
| 490 | 0 | |a Documenta Historica | |
| 490 | 0 | |a Dokumentumok a brit-jugoszláv kapcsolatok történetéhez (1949-1953) | |
| 650 | 4 | |a Bölcsészettudományok | |
| 650 | 4 | |a Történettudomány és régészet | |
| 695 | |a Josip Broz Tito, Eden Anthony, Külpolitika - Nagy-Britannia - Jugoszlávia - 1949-1953, Diplomáciatörténet - Európa - 1949-1953 - forrás | ||
| 700 | 0 | 1 | |a Benyus Máté |
| 700 | 0 | 2 | |a Csernus-Lukács Szilveszter |
| 700 | 0 | 2 | |a Tóth Marcell |
| 856 | 4 | 0 | |u http://acta.bibl.u-szeged.hu/35068/1/doc_092_035-037.pdf |z Dokumentum-elérés |